Top 10 most populous cities on each continent - Statistics

General Stats
  • This quiz has been taken 138 times
    105 since last reset
  • The average score is 47 of 58
Answer Stats
Continent Population Urban area % Correct
Europe 14,8 m London
99%
Europe 17,3 m Moscow
99%
Europe 11,4 m Paris
99%
Africa 21,0 m Cairo
96%
Europe 16,0 m* Istanbul
96%
Oceania 1,41 m Auckland
95%
Africa 13,9 m Johannesburg
95%
Africa 19,4 m Lagos
95%
North America 17,7 m Los Angeles
95%
Oceania 4,97 m Melbourne
95%
Oceania 5,30 m Sydney
95%
Asia 40,4 m Tokyo
95%
Europe 6,55 m Madrid
94%
North America 22,1 m New York City
94%
Asia 33,6 m Shanghai
94%
North America 23,0 m Mexico City
92%
Oceania 2,07 m Perth
92%
Oceania 3,15 m Brisbane
91%
South America 13,2 m Rio de Janeiro
91%
South America 22,4 m Sao Paulo
91%
Asia 30,3 m Delhi
90%
Africa 12,4 m Kinshasa
90%
South America 9,60 m Bogota
89%
North America 9,75 m Chicago
89%
Asia 31,3 m Jakarta
89%
Asia 25,1 m Mumbai
89%
South America 16,4 m Buenos Aires
87%
Asia 19,8 m Beijing
86%
Africa 6,45 m Dar es Salaam
86%
Asia 46,7 m Guangzhou
86%
Oceania 1,34 m Adelaide
85%
South America 10,1 m Lima
85%
Africa 5,90 m Nairobi
82%
South America 7,25 m Santiago
81%
North America 7,45 m Toronto
81%
Asia 25,7 m Manila
78%
Europe 6,20 m Milan
78%
Europe 5,65 m Saint Petersburg
78%
North America 8,55 m Washington D.C
77%
Africa 5,80 m Alexandria
76%
Europe 4,77 m Barcelona
76%
North America 7,20 m Dallas
76%
North America 7,35 m Philadelphia
76%
North America 7,85 m San Francisco
76%
North America 7,75 m Boston
75%
South America 4,00 m Brasilia
75%
Africa 6,30 m Khartoum
75%
Asia 24,8 m Seoul
71%
Oceania 432 k Canberra
70%
South America 5,00 m Belo Horizonte
66%
Africa 8,15 m Luanda
66%
Asia 20,2 m Dhaka
62%
Oceania 374 k Christchurch
61%
Africa 5,60 m Abidjan
58%
Oceania 600 k Gold Coast
49%
South America 3,85 m Recife
47%
South America 4,12 m Porto Alegre
42%
Oceania 1,00 m Honolulu
19%
No matching quizzes found
Score Distribution
Percent of People with Each Score
Percentile by Number Answered
Your Score History
You have not taken this quiz since the last reset